| Registos Bibliográficos associados ao registo de autoridade |
|
Etiqueta de registo: 00254nam 2200025 450 001 2287975 003 http://id.bnportugal.gov.pt/bib/catbnp/2287975 100 ## $a20260616d2021 k y0pory01030103ba 101 0# $apor$deng 102 ## $aPT 105 ## $aa m 001yy 106 ## $ar 200 1# $a O trajecto da escultura pública em Portugal (1974 a 2016)$fRoberto Carlos Soares Miquelino$gorient. António José Santos de Matos 210 #9 $aLisboa$c[s.n.],$d2021 215 ## $a2 v.$cil.$d30 cm 328 #1 $aTese dout. Belas-Artes (Escultura), Faculdade de Belas-Artes da Universidade de Lisboa,
2021 675 ## $a730(469)"1974/2016"(043)$vBN$zpor$32002553 675 ## $a725.94(469)"1974/2016"(043)$vBN$zpor$32002554 700 #1 $aMiquelino,$bRoberto Carlos Soares$32000714 702 #1 $aMatos,$bAntónio José Santos de$4727$31492984 801 #0 $aPT$bBN$gRPC 966 ## $b001$d[1º v.]$lBN$mFGMON$x1 966 ## $b001$d[2º v.]$lBN$mFGMON$x1 971 ## $cisantos$d20260616 973 ## $ctrodrigues$d20260703
|
|
|